History Quiz

Random History Quiz

Bohemian Figures Quiz Stats

 Plays Quiz not verified by Sporcle

Score 0/10 Timer 10:00
0 Plays Today
Hint Answer % Correct
Jewish writer, wrote Metamorphosis, died of tuberculosis in 1924Franz Kafka
100%
One of the leaders of the Velvet Revolution, first president of the Czech RepublicVáclav Havel
92.9%
Founded Czechoslovakia in 1918 and became its first presidentTomáš Garrigue Masaryk
85.7%
Priest, burned at the stake in 1415Jan Hus
85.7%
One-eyed Hussite general, Zizkov neighborhood in Prague is named after himJan Žižka
71.4%
Student, set himself on fire to protest the invasion in 1968Jan Palach
64.3%
First Czech to become Holy Roman Emperor in 1355Charles IV
64.3%
First hereditary Bohemian king, 1212Ottokar I
50%
Painter, considered one of the founders of the Art Nouveau movementAlfons Mucha
50%
First historical Czech figure, duke of Bohemia,converted to Christianity in 880Bořivoj
42.9%

You're not logged in!

Compare scores with friends on all Sporcle quizzes.
OR
Log In

Sporcle TV

Today on Sporcle TV


Watch our educational content, quiz creation guides, and fun videos on Sporcle TV.

Show Comments

Extras

Created Sep 7, 2017ReportNominate
Tags:Bohemian, important

Top Quizzes Today


Score Distribution

Your Account Isn't Verified!

In order to create a playlist on Sporcle, you need to verify the email address you used during registration. Go to your Sporcle Settings to finish the process.

Report this User

Report this user for behavior that violates our Community Guidelines.

Details: